| 000 | 00729nam a2200241 a 4500 | ||
|---|---|---|---|
| 001 | 000037916 | ||
| 003 | DO-SdBNP | ||
| 005 | 20240412074258.0 | ||
| 008 | 130308s2012 dr r 000 0 spa d | ||
| 020 | _a9789945165135 | ||
| 040 |
_aDO-SdBNP _bspa _cBNPHU |
||
| 082 | 4 |
_aRD861.44 _bD249c _222 |
|
| 100 | 1 |
_aLeón David _d1945- _984930 |
|
| 245 | 1 | 0 |
_aCántico blasfemo : _b(sonetos de la noche sublevada) / _cLeón David. |
| 260 |
_aSanto Domingo : _bBúho, _c2012. |
||
| 300 |
_a87 p. ; _c22 cm. |
||
| 590 | _aInventariado, 2018/BT | ||
| 650 | 0 |
_aPoesía dominicana _966 |
|
| 650 | 0 |
_aLiteratura dominicana. _967 |
|
| 650 | 4 |
_aSonetos dominicanos _910208 |
|
| 910 | _aValidado. Control de calidad. MFF | ||
| 942 |
_2ddc _cLBS1 |
||
| 999 |
_c37406 _d37406 |
||